| 000 | 00685nam a2200217 a 4500 | ||
|---|---|---|---|
| 999 |
_c3260 _d3260 |
||
| 003 | BD-JhCC | ||
| 005 | 20171112102850.0 | ||
| 008 | 171112s1999 bg |||| |||| 000 0 ben d | ||
| 020 | _a9844013178 | ||
| 035 | _a(BD-JhCC) | ||
| 040 |
_aBD-JhCC _dBD-JhCC |
||
| 041 | _aben | ||
| 082 |
_a891.4435 _bHAS 1999 |
||
| 100 | _aহাসান, ইকবাল | ||
| 245 |
_aমৃত ইদুঁর ও মানুষের গল্প / _c ইকবাল হাসান |
||
| 260 |
_aঢাকা : _bআগামী প্রকাশনী, _c১৯৯৯. |
||
| 300 |
_a৬৩ পৃ. : _c২১ সেমি. |
||
| 650 | _aBengali stories | ||
| 942 |
_2ddc _cBK |
||